00401nam a2200133Ia 450000500170000000800410001702000150005808200130007310000250008624500410011126000490015230000120020150000540021320250623022933.0240331s9999 xx 000 0 und d a9559056107 bSAMa323 amanawa ayithiwasikam 0aSamaja gatum saha gatum nirakaranaya aColombobHuman Rights Education Centrec1997 a90 p ., aA Book on social conflict and Conflict Resolution